header

World class quality (Record no. 111979)

MARC details
000 -LEADER
fixed length control field 01304nam a22003254a 4500
082 04 - DEWEY DECIMAL CLASSIFICATION NUMBER
Classification number 658.5/62
100 1# - MAIN ENTRY--AUTHOR NAME
Personal name Bhote, Keki R.,
245 10 - TITLE STATEMENT
Title World class quality
250 ## - EDITION STATEMENT
Edition statement 2nd ed.
260 ## - PUBLICATION, DISTRIBUTION, ETC. (IMPRINT)
Place of publication New York :
Name of publisher American Management Association,
Year of publication 2000.
300 ## - PHYSICAL DESCRIPTION
Number of Pages xxiv, 487 p.
650 #0 - SUBJECT ADDED ENTRY--TOPICAL TERM
Topical Term Quality control
Topical Term Process control
Topical Term Experimental design.
700 1# - ADDED ENTRY--PERSONAL NAME
Personal name Bhote, Adi K.
856 40 - ELECTRONIC LOCATION AND ACCESS
Uniform Resource Identifier http://site.ebrary.com/lib/rucke/Doc?id=10120194

No items available.

© 2026 Rongo University
Contact us: librarian | system librarian | Rongo university